<?xml version='1.0' encoding='UTF-8'?>
  <record xmlns="http://www.loc.gov/MARC21/slim">
    <leader>00000cam a22000007i 4500</leader>
    <controlfield tag="001">ocn461196694</controlfield>
    <controlfield tag="003">OCoLC</controlfield>
    <controlfield tag="005">20251212151256.9</controlfield>
    <controlfield tag="008">970701s1649    fr            000 0 fre  </controlfield>
    <datafield tag="040" ind1=" " ind2=" ">
      <subfield code="a">BDF</subfield>
      <subfield code="b">fre</subfield>
      <subfield code="e">ncafnor</subfield>
      <subfield code="c">BDF</subfield>
      <subfield code="d">FRBML</subfield>
      <subfield code="d">OCLCQ</subfield>
      <subfield code="d">QGJ</subfield>
      <subfield code="d">OCLCQ</subfield>
    </datafield>
    <datafield tag="016" ind1="7" ind2=" ">
      <subfield code="a">FRBNF340246990000001</subfield>
      <subfield code="2">FrPBN</subfield>
    </datafield>
    <datafield tag="016" ind1="7" ind2=" ">
      <subfield code="a">FRBNF365892810000007</subfield>
      <subfield code="2">FrPBN</subfield>
    </datafield>
    <datafield tag="016" ind1="7" ind2=" ">
      <subfield code="a">FRBNF340239590000008</subfield>
      <subfield code="2">FrPBN</subfield>
    </datafield>
    <datafield tag="029" ind1="0" ind2=" ">
      <subfield code="a">BDF</subfield>
      <subfield code="b">FRBNF340246990000001</subfield>
    </datafield>
    <datafield tag="029" ind1="1" ind2=" ">
      <subfield code="a">BDF</subfield>
      <subfield code="b">FRBNF340239590000008</subfield>
    </datafield>
    <datafield tag="029" ind1="1" ind2=" ">
      <subfield code="a">BDF</subfield>
      <subfield code="b">FRBNF365892810000007</subfield>
    </datafield>
    <datafield tag="029" ind1="1" ind2=" ">
      <subfield code="a">ZWZ</subfield>
      <subfield code="b">090479602</subfield>
    </datafield>
    <datafield tag="029" ind1="1" ind2=" ">
      <subfield code="a">ZWZ</subfield>
      <subfield code="b">159420946</subfield>
    </datafield>
    <datafield tag="029" ind1="1" ind2=" ">
      <subfield code="a">ZWZ</subfield>
      <subfield code="b">159427177</subfield>
    </datafield>
    <datafield tag="029" ind1="1" ind2=" ">
      <subfield code="a">ZWZ</subfield>
      <subfield code="b">159427185</subfield>
    </datafield>
    <datafield tag="029" ind1="1" ind2=" ">
      <subfield code="a">ZWZ</subfield>
      <subfield code="b">159427193</subfield>
    </datafield>
    <datafield tag="035" ind1=" " ind2=" ">
      <subfield code="a">(OCoLC)461196694</subfield>
    </datafield>
    <datafield tag="245" ind1="0" ind2="3">
      <subfield code="a">Le theologien d'estat à la reyne. Pour faire desboucher Paris.</subfield>
    </datafield>
    <datafield tag="260" ind1=" " ind2=" ">
      <subfield code="a">A Paris, Jouxte la copie imprimée chez Jean du Bray, ruë S. Jacques, aux Espics-meurs, &amp; au Chapelet. M. DC. XLIX.,</subfield>
      <subfield code="c">[1649]</subfield>
    </datafield>
    <datafield tag="300" ind1=" " ind2=" ">
      <subfield code="a">12 p. (sig. A-C2) ;</subfield>
      <subfield code="c">in-4</subfield>
    </datafield>
    <datafield tag="336" ind1=" " ind2=" ">
      <subfield code="a">texte</subfield>
      <subfield code="b">txt</subfield>
      <subfield code="2">rdacontent/fre</subfield>
    </datafield>
    <datafield tag="337" ind1=" " ind2=" ">
      <subfield code="a">sans médiation</subfield>
      <subfield code="b">n</subfield>
      <subfield code="2">rdamedia/fre</subfield>
    </datafield>
    <datafield tag="338" ind1=" " ind2=" ">
      <subfield code="a">volume</subfield>
      <subfield code="b">nc</subfield>
      <subfield code="2">rdacarrier/fre</subfield>
    </datafield>
    <datafield tag="510" ind1="3" ind2=" ">
      <subfield code="a">Moreau, Mazarinades n°3770 (note)</subfield>
    </datafield>
    <datafield tag="653" ind1="0" ind2="5">
      <subfield code="a">Paris</subfield>
    </datafield>
    <datafield tag="653" ind1=" " ind2="5">
      <subfield code="a">France, 1643-1715 (Louis XIV)</subfield>
    </datafield>
    <datafield tag="655" ind1=" " ind2="4">
      <subfield code="a">Mazarinade.</subfield>
    </datafield>
    <datafield tag="773" ind1="0" ind2=" ">
      <subfield code="t">[Recueil de pièces historiques relatives au règne de Louis XIV de 1649 à 1652]</subfield>
      <subfield code="w">(FrPBN)42140138</subfield>
    </datafield>
    <datafield tag="773" ind1="0" ind2=" ">
      <subfield code="t">Recueil de diverses pieces curieuses [1649-1652]</subfield>
      <subfield code="w">(FrPBN)42140155</subfield>
    </datafield>
    <datafield tag="773" ind1="0" ind2=" ">
      <subfield code="t">[Mazarinades de la Bibliothèque de l'Arsenal]</subfield>
      <subfield code="w">(FrPBN)42139341</subfield>
    </datafield>
    <datafield tag="856" ind1="4" ind2="2">
      <subfield code="3">Notice et cote du catalogue de la Bibliothèque nationale de France</subfield>
      <subfield code="u">http://catalogue.bnf.fr/ark:/12148/cb34024699v</subfield>
    </datafield>
    <datafield tag="856" ind1="4" ind2="2">
      <subfield code="3">Notice et cote du catalogue de la Bibliothèque nationale de France</subfield>
      <subfield code="u">http://catalogue.bnf.fr/ark:/12148/cb365892818</subfield>
    </datafield>
    <datafield tag="856" ind1="4" ind2="2">
      <subfield code="3">Notice et cote du catalogue de la Bibliothèque nationale de France</subfield>
      <subfield code="u">http://catalogue.bnf.fr/ark:/12148/cb340239596</subfield>
    </datafield>
    <datafield tag="886" ind1="1" ind2=" ">
      <subfield code="2">intermrc</subfield>
      <subfield code="a">009</subfield>
      <subfield code="b">a------------------</subfield>
    </datafield>
    <datafield tag="886" ind1="2" ind2=" ">
      <subfield code="2">intermrc</subfield>
      <subfield code="a">619</subfield>
      <subfield code="b">-7</subfield>
      <subfield code="1">00160437</subfield>
      <subfield code="a">France</subfield>
      <subfield code="z">+* 1643 ... - 1715 ... +:1643-1715:</subfield>
      <subfield code="g">Louis XIV</subfield>
    </datafield>
    <datafield tag="886" ind1="2" ind2=" ">
      <subfield code="2">intermrc</subfield>
      <subfield code="a">917</subfield>
      <subfield code="b">--</subfield>
      <subfield code="o">CRI</subfield>
      <subfield code="a">HA001102920003N</subfield>
    </datafield>
    <datafield tag="886" ind1="2" ind2=" ">
      <subfield code="2">intermrc</subfield>
      <subfield code="a">998</subfield>
      <subfield code="b">--</subfield>
      <subfield code="o">CRI</subfield>
      <subfield code="a">HL020061230000NE</subfield>
    </datafield>
    <datafield tag="886" ind1="2" ind2=" ">
      <subfield code="2">intermrc</subfield>
      <subfield code="a">998</subfield>
      <subfield code="b">--</subfield>
      <subfield code="o">CRI</subfield>
      <subfield code="a">AN068807330001P</subfield>
    </datafield>
    <datafield tag="936" ind1=" " ind2=" ">
      <subfield code="a">BATCHLOAD</subfield>
    </datafield>
  </record>